| 000 | 01979nam a2200397 c 4500 | ||
|---|---|---|---|
| 003 | BLK | ||
| 005 | 20240704113029.0 | ||
| 008 | 180409b bul|||||r ||||||| ||bul|| | ||
| 010 | _aKNG00136590000 | ||
| 020 |
_a978-954-321-466-2 _bиздат.: Изток-Запад |
||
| 040 | _aBLK | ||
| 041 |
_aBUL _cBUL |
||
| 072 | 7 |
_2bullib _aН82 _xЛитературознание Н |
|
| 080 |
_aБългарска литература _b821.163.2 _x(091) _z821.163.2(091) |
||
| 700 | 1 |
_aМилтенова, Анисава Любенова _eсъстав. _9363606 |
|
| 100 | 1 |
_aАнгушева, Аделина _9374211 |
|
| 139 |
_aИстория на българската средновековна литература _bИ 95 |
||
| 245 | 1 | 0 |
_aИстория на българската средновековна литература _cсъстав. Анисава Любенова Милтенова; Аделина Ангушева. |
| 250 | _a2. прераб. изд. | ||
| 257 | _aBGR | ||
| 260 |
_аСофия _bИзток-Запад _c2008 |
||
| 300 |
_a776 с. _bс ил. _c25 см |
||
| 380 | _a82 | ||
| 500 | _aДруги авт. : Д. Атанасова, А. Бояджиев, Н. Гагова, М. димитрова, М. Йовчева, А. милтенова, Т. Славова, А. Стойкова, Л. Тасева. - Именен показалец. - Библиогр. след отд. раздели. | ||
| 650 | 4 |
_aБългарска литература, средновековна - история _9322399 |
|
| 653 | _aбългарска литература | ||
| 653 | _aсредновековна литература | ||
| 653 | _aистория на литературата | ||
| 659 | _aН | ||
| 852 | _aЦб 257200 | ||
| 856 | 4 |
_qpdf _u |
|
| 856 | 4 |
_qpdf _u |
|
| 942 |
_cKNG _n0 _04 |
||
| 944 |
_aCR _c18.10.2012 _lСилвия Димитрова _k30538 |
||
| 944 |
_aED _c15.03.2016 _lф / _kЛюдмила_Стоянова |
||
| 999 |
_c130799 _d130799 |
||